| 000 | 00614nam a2200193Ia 4500 | ||
|---|---|---|---|
| 005 | 20250508150232.0 | ||
| 008 | 008 250505s9999 xx 000 0 eng d | ||
| 037 | _aTextual | ||
| 040 |
_aFEDL _beng _cFEDL |
||
| 041 |
_aeng _2eng |
||
| 084 |
_a371.3, AND _qFEDL |
||
| 100 |
_aAnderson David F _9756204 |
||
| 245 | 0 | _aPractical problems in teachin method : Case studies of teaching method in the post-prinmary school | |
| 260 |
_aLondon, UK _bUniversity of London Press _c1939 |
||
| 300 | _axix,156p. | ||
| 650 | _aTeaching Technique | ||
| 942 |
_cTEXL _h371.3, AND |
||
| 999 |
_c1322549 _d1322549 |
||